000 00437nam a2200145Ia 4500
008 230917s9999||||xx |||||||||||||| ||und||
040 _e196213
_aMAIN
041 _aEnglish
082 _a891.491503741 DR536B
100 _aधनखड़, राजबीर सिंह
245 0 _aबेटी
260 _aनई दिल्ली
_bलक्ष्मी प्रकाशन
_c2009
300 _a112 पृ. p.
942 _cHN
999 _c159457
_d159457